000 00495nam a2200169Ia 4500
003 OSt
005 20200320092420.0
008 190216s9999||||xx |||||||||||||| ||und||
040 _coclc
082 _a297
_bRAN/M
100 _aRandathani, Husain
_91881
245 0 _aMakhdoomum Ponnaniyum /
_cHusain Randathani
260 _bPonnani Jumuath Palli Paripalana Committee
_c2010
300 _a464p
650 _aIslamic History
942 _cBK
_2ddc
_h297
_iRAN/M
_k297
_mRAN/M
999 _c22803
_d22803